000 00969nam a2200289 i 4500
003 DO-SdBNP
005 20241014100140.0
007 ta
008 241014s2013 dr 000 0 spa d
020 _a9789945410730
040 _aDO-SdBNP
_bspa
_cBNPHU
_erda
082 _bM671r
_222
100 1 _4aut.
_aMir, Pedro,
_d1913-2000
_eautor
_97245
245 1 0 _aRedacción de las sentencias /
_cPedro Mir
264 1 _aSanto Domingo :
_bLetra gráfica,
_bBiblioteca Pedro Mil,
_bUASD,
_c2013.
300 _a78 páginas,
_c22 cm.
336 _atexto
_btxt
_2rdacontent
337 _asin mediación
_bn
_2rdamedia
338 _avolumen
_bnc
_2rdacarrier
500 _aIncluye datos biografícos del autor en la solapa de la portada.
500 _aIncluye notas a pie de páginas.
504 _aBibliografía p: 75-78.
590 _aInventariado, 2024/ YL
710 1 _aUniversidad Autónoma de Santo Domingo (UASD)
_984760
910 _aYLockward
942 _2ddc
_cLBS1
999 _c57839
_d57839